000
00344nam a2200145Ia 4500
008
220204s9999 xx 000 0 und d
020
_a
9789385998713
082
_a
615.5
_b
Das-P
100
_a
Das Nilimanka
245
0
_a
Practical Manual of Dispensing Pharmacy
250
_a
1ST
260
_a
Delhi
_b
MEDTECH
300
_a
2014
942
_c
BK
999
_c
33839
_d
33839